Loading...
Pepper economy of India
| Main Author: | |
|---|---|
| Format: | Printed Book |
| Language: | Undetermined English |
| Published: |
New Delhi
Oxford and IBH publishing
1989
|
| Subjects: |
| LEADER | 00770nam a2200205Ia 4500 | ||
|---|---|---|---|
| 008 | 140306s9999 xx 000 0 und d | ||
| 020 | |a 812040453X | ||
| 041 | |a eng | ||
| 082 | |a 338.1 |b GEO/PE | ||
| 100 | |a George, P S | ||
| 245 | |a Pepper economy of India | ||
| 260 | |a New Delhi |b Oxford and IBH publishing |c 1989 | ||
| 300 | |a 88 | ||
| 365 | |b Rs.85.00 | ||
| 650 | |a Agricultural economics | ||
| 650 | |a Farm economics | ||
| 942 | |2 ddc |c BK | ||
| 999 | |c 111757 |d 111757 | ||
| 952 | |0 0 |1 0 |2 ddc |4 0 |6 338_100000000000000_GEOPE |7 0 |9 109452 |a KAUHCV |b KAUHCV |d 2004-04-05 |g 85.00 |o 338.1 GEO/PE |p KAU_HCV-23077 |r 2014-03-22 |w 2014-03-22 |y BK | ||
| 952 | |0 0 |1 0 |2 ddc |4 0 |6 338_100000000000000_GEOPE |7 0 |9 109453 |a KAUHCV |b KAUHCV |d 2004-04-05 |g 85.00 |o 338.1 GEO/PE |p KAU_HCV-24137 |r 2014-03-22 |w 2014-03-22 |y BK | ||